• 首页
  • 本馆介绍
  • 公告通知
  • 最新文献
  • 馆藏检索
  • 电子资源
  • 读者导购
  • 参考咨询
  • 我的图书馆
  • 登录
  • 详细信息显示
  • 放入我的书架
  • 预约/预借图书
  • 作者相关作品
  • 分类相关作品
  • 丛书相关作品
  • 出版社相关作品

书目信息

  • 表格格式
  • 工作单格式
  • 卡片格式
题名:
微生物学与免疫学
    
 
作者: 李朝品 , 陈廷 主编
分册:  
出版信息: 北京   科学出版社  2017
页数: 456页
开本: 26cm
丛书名:
单 册:
中图分类: R37
科图分类:
主题词: 病原微生物--医学院校--教材 , 免疫学--医学院校--教材
电子资源:
ISBN: 978-7-03-048773-5
000 00903nam0 2200241 450
001 4513
005 20181012104442.57
010    @a978-7-03-048773-5@dCNY69.80
100    @a20170619d2017 em y0chiy50 ea
101 0  @achi
102    @aCN@b110000
105    @aa z 000yy
200 1  @a微生物学与免疫学@9wei sheng wu xue yu mian yi xue@e案例版@f李朝品,陈廷主编
210    @a北京@c科学出版社@d2017
215    @a456页@c图@d26cm
330    @a本书分医学免疫学、医学微生物学和微生物学在药学中的应用三篇。主要内容包括:免疫学绪论、免疫系统、抗原、免疫应答、超敏反应、细菌学概论、球菌、肠道杆菌、弧菌、厌氧性细菌、微生物制药、药物的微生物学检查等。
606 0  @a病原微生物@x医学院校@j教材
606 0  @a免疫学@x医学院校@j教材
690    @aR37@v5
701  0 @a李朝品@9li chao pin@f(1956-)@4主编
701  0 @a陈廷@9chen ting@f(1964-)@4主编
801  0 @aCN@b91MARC@c20170619
905    @aMuseLib@dR37@e319
    
    微生物学与免疫学:案例版/李朝品,陈廷主编.-北京:科学出版社,2017
    456页:图;26cm
    
    
    ISBN 978-7-03-048773-5:CNY69.80
    本书分医学免疫学、医学微生物学和微生物学在药学中的应用三篇。主要内容包括:免疫学绪论、免疫系统、抗原、免疫应答、超敏反应、细菌学概论、球菌、肠道杆菌、弧菌、厌氧性细菌、微生物制药、药物的微生物学检查等。
●
相关链接 在E读中查询图书 在五车中查询图书 在当当中查询图书 在豆瓣中查询图书


正题名:微生物学与免疫学     索取号:R37/319         预约/预借

序号 登录号 条形码 馆藏地/架位号 状态 备注
1 1125481   211254818   第二样本阅览室/ [索取号:R37/319] 在馆    
2 1125482   211254827   第三借阅区/ [索取号:R37/319] 在馆    
3 1125483   211254836   第三借阅区/ [索取号:R37/319] 在馆    
4 1125484   211254845   第三借阅区/ [索取号:R37/319] 在馆    
5 1125485   211254854   密集书库-生命科学系/ [索取号:R37/319] 在馆    
唐山师范学院图书馆 欢迎您!
大连网信软件有限公司© 版权所有